LEADER 01079nas a2200229 i 4500 001 000000164812 003 CaOOAMICUS 005 20080421000000.0 008 070926b2007 it uu u0 0ita r 013 $a142180 040 $aSeMil$bita 245 10$aVarese in punta d'ali =$bIn flight over Varese. 260 $a[Varese] :$bCamera di Commercio Industria, Artigianato e Agricoltura di Varese,$ccopyr. 2007. 300 $a88 p. :$briccamente ill. ;$c29 cm. 500 $aNumerazione errata del fascicolo. - Traduzione in inglese dei singoli articoli. - Titolo dalla copertina. 773 0 $tLombardia Nord-Ovest.$dVarese : [s.n.], [1958?]$w()3252 774 0 $t[vedi periodico].$w()267351 850 $aSeMil 852 $aSeMil$W1$xVenegono$y1$m199 5 52$j116021$B116021$CSeMilBibl$Z2$F133305 $85 961 $aOmaggio: Camera di Commercio 996 $6245$aVarese in punta d'ali =$bIn flight over Varese$9(OLS)http://semarc/title/235172 996 $6260$a[Varese] :$bCamera di Commercio Industria, Artigianato e Agricoltura di Varese$9(OLS)http://semarc/publisher/35108 LEADER 01029nam a2200229 i 4500 001 000000232736 003 CaOOAMICUS 005 20140904000000.0 008 140904s1919 it u000 u ita u 013 $a211639 040 $aSeMil$bita 100 1 $aRegard, Paul F.$0(OLS)http://semarc/name/79881 245 10$aContribution a l'étude des prépositions dans la langue du Nouveau Testament /$cPaul F. Regard ; avec une préface de A. Meillet. 260 $aParis :$bLeroux,$c1919. 300 $aXIX, 695 p. ;$c26 cm. 500 $aContiene : Bibliographie choisie. 650 4$aBibbia - NT - Linguaggio e stile.$0(OLS)http://semarc/subject/36703 700 1 $aMeillet, Antoine,$d<1866-1936>.$0(OLS)http://semarc/name/9357 850 $aSeMil 852 $aSeMil$W1$xVenegono$y1$m2Z V 69$j183082$B183082$CSeMilBibl$Z2$F194056 $81 996 $6245$aContribution a l'étude des prépositions dans la langue du Nouveau Testament$9(OLS)http://semarc/title/332060 996 $6260$aParis :$bLeroux$9(OLS)http://semarc/publisher/35972